000 00358nam a2200121 4500
008 230910b2000 |||||||| |||| 00| 0 eng d
080 _a346
_bDIA
245 _aDialogue with Quazis :
_bA roport of a meeting with Quazis
260 _aColombo :
_bMuslim women's research and action forum
_c2000
650 _aQuazis
650 _aDialogue with Quazis
942 _cRP
999 _c3531
_d3531